Compilers : principles, techniques and tools (Record no. 197184)
[ view plain ]
| 000 -LEADER | |
|---|---|
| fixed length control field | 00564nam a2200205Ia 4500 |
| 003 - CONTROL NUMBER IDENTIFIER | |
| control field | OSt |
| 005 - DATE AND TIME OF LATEST TRANSACTION | |
| control field | 20250127143845.0 |
| 008 - FIXED-LENGTH DATA ELEMENTS--GENERAL INFORMATION | |
| fixed length control field | 231217s9999 xx 000 0 und d |
| 020 ## - INTERNATIONAL STANDARD BOOK NUMBER | |
| International Standard Book Number | 9788131759028 |
| 040 ## - CATALOGING SOURCE | |
| Transcribing agency | 0 |
| 041 ## - LANGUAGE CODE | |
| Language code of text/sound track or separate title | English |
| 082 ## - DEWEY DECIMAL CLASSIFICATION NUMBER | |
| Classification number | 001.6425 AHO;79 |
| 100 ## - MAIN ENTRY--PERSONAL NAME | |
| Personal name | Aho, Alfred V. Lam, Monica S. Sethi, Ravi ...[et al.] |
| 245 #0 - TITLE STATEMENT | |
| Title | Compilers : principles, techniques and tools |
| 250 ## - EDITION STATEMENT | |
| Edition statement | 2nd ed. |
| 260 ## - PUBLICATION, DISTRIBUTION, ETC. | |
| Date of publication, distribution, etc. | 2011 |
| Name of publisher, distributor, etc. | Pearson |
| Place of publication, distribution, etc. | Chennai |
| 300 ## - PHYSICAL DESCRIPTION | |
| Extent | xxiv, 1009+Q20 |
| 650 ## - SUBJECT ADDED ENTRY--TOPICAL TERM | |
| Topical term or geographic name entry element | Compilers,principles,,techniques,tools |
| 942 ## - ADDED ENTRY ELEMENTS (KOHA) | |
| Koha item type | Books |
| Source of classification or shelving scheme | Dewey Decimal Classification |
| Date last seen | Total checkouts | Full call number | Accession number | Date last checked out | Price effective from | Category | Lost status | Damaged status | Department | Withdrawn status | Home library | Current library | Shelving location | Entry date | Grants | Currency symbol | Conversion rate | Discount | Old discount |
|---|---|---|---|---|---|---|---|---|---|---|---|---|---|---|---|---|---|---|---|
| 29/01/2026 | 1 | 001.6425 AHO;79 | 90449 | 09/01/2026 | 26/01/2024 | Books | Central Library | Central Library | Lending Library | Central Library | 25/04/2016 | DONATED | RS | 1 |
